Application of small-scale afforestation and reforestation CDM methodology to low-income rural communities in Paraguay

Contents: Outline of the JIRCAS project, conditions for the application of Ả-CDM methodology, baseline, volume of ex-ante actual net GHG removals by sinks,...

সংরক্ষণ করুন:
গ্রন্থ-পঞ্জীর বিবরন
প্রধান লেখক: Matsubara, Eiji
বিন্যাস: গ্রন্থ
ভাষা:Undetermined
প্রকাশিত: Japan JIRCAS 2010
বিষয়গুলি:
ট্যাগগুলো: ট্যাগ যুক্ত করুন
কোনো ট্যাগ নেই, প্রথমজন হিসাবে ট্যাগ করুন!
Thư viện lưu trữ: Trung tâm Học liệu Trường Đại học Cần Thơ
LEADER 00753nam a2200193Ia 4500
001 CTU_225675
008 210402s9999 xx 000 0 und d
082 |a 333.75 
082 |b M434/No.67 
100 |a Matsubara, Eiji 
245 0 |a Application of small-scale afforestation and reforestation CDM methodology to low-income rural communities in Paraguay 
245 0 |c Eiji Matsubara 
260 |a Japan 
260 |b JIRCAS 
260 |c 2010 
520 |a Contents: Outline of the JIRCAS project, conditions for the application of Ả-CDM methodology, baseline, volume of ex-ante actual net GHG removals by sinks,... 
650 |a Forest management,Quản lý rừng 
910 |b nthai 
980 |a Trung tâm Học liệu Trường Đại học Cần Thơ